[Event "Buenos Aires La Porta op-A"]
[Site "Buenos Aires"]
[Date "2012.12.22"]
[Round "6"]
[White "Goncalves, Claudio Javier"]
[Black "Benedetti, Julio"]
[Result "0-1"]
[WhiteElo "1892"]
[BlackElo "2117"]
[PlyCount "68"]
[EventDate "2012.12.15"]
[EventType "swiss"]
[EventRounds "9"]
[EventCountry "ARG"]
[SourceTitle "CBM 152 Extra"]
[Source "ChessBase"]
[SourceDate "2013.02.25"]
[SourceVersion "1"]
[SourceVersionDate "2013.02.25"]
[SourceQuality "1"]

1. d4 Nf6 2. g3 e6 3. c4 c5 4. e3 cxd4 5. exd4 d5 6. Bg2 Nc6 7. Nf3 dxc4 8. 0-0 Nd5 9. Qe2 Nb6 10. Rd1 Be7 11. Na3 Bxa3 12. bxa3 0-0 13. Ne5 Nxe5 14. Qxe5 Nd5 15. Re1 Qf6 16. Qe4 Bd7 17. h4 h6 18. Be3 Bc6 19. Qg4 Rac8 20. Rad1 Rfd8 21. Bc1 Nc3 22. Rd2 Bxg2 23. Kxg2 Rd5 24. Re3 Nb5 25. Rf3 Rxd4 26. Qh5 Qd8 27. Qxf7+ Kh8 28. Re2 Rd7 29. Qxe6 Nd4 30. Qe5 Nxf3 31. Kxf3 Qc7 32. Qh5 Qc6+ 33. Kg4 Rd4+ 34. Bf4 Rf8 0-1

[Event "ARG-chT"]
[Site "Buenos Aires"]
[Date "2009.05.09"]
[Round "2"]
[White "Goncalves, Claudio Javier"]
[Black "Perelman, Hernan"]
[Result "0-1"]
[WhiteElo "1842"]
[BlackElo "2326"]
[PlyCount "26"]
[EventDate "2009.05.02"]
[EventType "team-tourn"]
[EventRounds "9"]
[EventCountry "ARG"]
[SourceTitle "EXT 2010"]
[Source "ChessBase"]
[SourceDate "2010.11.25"]
[SourceVersion "1"]
[SourceVersionDate "2010.11.25"]
[SourceQuality "1"]

1. e4 c5 2. Nc3 Nc6 3. f4 g6 4. Nf3 Bg7 5. Bc4 d6 6. Ng5 e6 7. 0-0 Nh6 8. d3 0-0 9. Qe1 Nd4 10. Qd1 Bd7 11. a4 Bc6 12. Ne2 d5 13. Nxd4 Bxd4+ 0-1